Cashew-nut of small householders at memot district kampong cham province,(ដំណាំស្វាយចន្ទីជាលក្ខណោះគ្រួសារនៅស្រុកមេមត់​ខេត្តកំពង់ចាម) (Record no. 562)

000 -LEADER
fixed length control field 00601nam a22001577a 4500
003 - CONTROL NUMBER IDENTIFIER
control field OSt
005 - DATE AND TIME OF LATEST TRANSACTION
control field 20150916111314.0
008 - FIXED-LENGTH DATA ELEMENTS--GENERAL INFORMATION
fixed length control field 150916b xxu||||| |||| 00| 0 eng d
040 ## - CATALOGING SOURCE
Transcribing agency RUA
082 ## - DEWEY DECIMAL CLASSIFICATION NUMBER
Classification number AGR PEN 2003 B029 Or.1
100 ## - MAIN ENTRY--PERSONAL NAME
9 (RLIN) 584
Personal name PEN VICHET
245 ## - TITLE STATEMENT
Title Cashew-nut of small householders at memot district kampong cham province,(ដំណាំស្វាយចន្ទីជាលក្ខណោះគ្រួសារនៅស្រុកមេមត់​ខេត្តកំពង់ចាម)
260 ## - PUBLICATION, DISTRIBUTION, ETC. (IMPRINT)
Place of publication, distribution, etc. phnom penh
Name of publisher, distributor, etc. RUA
Date of publication, distribution, etc. 2003
300 ## - PHYSICAL DESCRIPTION
Extent 45p.
Dimensions ill.
Size of unit 29cm.
942 ## - ADDED ENTRY ELEMENTS (KOHA)
Source of classification or shelving scheme
Koha item type AGR
Holdings
Price effective from Date last seen Permanent Location Not for loan Date acquired Source of classification or shelving scheme Koha item type Lost status Withdrawn status Date last checked out Total Checkouts Damaged status Barcode Current Location Checked out Full call number
2015-09-162023-12-25Library Block B 2015-09-16 AGR  2023-10-304 RUA001196Library Block B AGR PEN 2003 B029 Or.1
2015-09-162016-07-06Library Block B 2015-09-16 AGR  2016-03-241 RUA001131Library Block B AGR PEN 2003 B029 Or.2
2015-09-162026-06-19Library Block B 2015-09-16 AGR  2026-06-195 RUA001557Library Block D2026-07-07AGR PEN 2003 B029 Or.3
មជ្ឈមណ្ឌលឯការនៃសាកលវិទ្យាល័យភូមិន្ទកសិកម្មចំការដូង

Powered by Koha